| 000 | 00718nam a22001937a 4500 | ||
|---|---|---|---|
| 005 | 2010081804254.0 | ||
| 010 | _aENG-100846 | ||
| 020 | _c40.00 | ||
| 035 | _aEN-84379 | ||
| 037 | _bDBAD/PUB | ||
| 082 | _a181.4 | ||
| 100 |
_aTirtha, Bhoomananda _915161 |
||
| 245 |
_aMovement on restoration of National values / _cby Bhoomananda Tirtha |
||
| 260 |
_aNew Delhi _bFoundation for restoration of National Value _c2008 |
||
| 270 |
_aM-75, Greater Kailash, Part 1 _bNew Delhi _e110048 |
||
| 300 |
_ax,66p. _c21 (pbk) |
||
| 942 |
_2ddc _cEN _h181.4 _mTIR |
||
| 999 |
_c42499 _d42499 |
||